Στοχαστικά μοντέλα στην επιχειρησιακή έρευνα : πτυχιακή εργασία

Το αντικείμενο της Επιχειρησιακής Έρευνας είναι η ανάπτυξη ,μελέτη και εφαρμογή μαθηματικών μοντέλων σε προβλήματα σχετικά με το βέλτιστο σχεδιασμό και έλεγχο οργανωμένων συστημάτων.Τα μοντέλα αυτά διακρίνονται σε στοχαστικά και σε προσδιοριστικά (ντετερμινιστικά).Τα στοχαστικά μοντέλα (στοχαστικές...

Πλήρης περιγραφή

Αποθηκεύτηκε σε:
Λεπτομέρειες βιβλιογραφικής εγγραφής
Κύριος συγγραφέας: Πλαστήρα, Αλεξάνδρα
Συγγραφή απο Οργανισμό/Αρχή: Πανεπιστήμιο Αιγαίου. Σχολή Θετικών Επιστημών. Τμήμα Στατιστικής και Αναλογιστικών-Χρηματοοικονομικών Μαθηματικών
Μορφή: Thesis Βιβλίο
Γλώσσα:Greek
Δημοσίευση: 2017.
Θέματα:
Διαθέσιμο Online:http://hdl.handle.net/11610/17801
Ετικέτες: Προσθήκη ετικέτας
Δεν υπάρχουν, Καταχωρήστε ετικέτα πρώτοι!

MARC

LEADER 00000cam a2200000 a 4500
001 1/114201
008 170531s2017####gr | ||| |||| ||gre||
040 |a GR-MyUa  |b gre  |c GR-MyUa  |e AACR2 
041 0 |a gre 
082 7 |a 519.233   |2 (23)  
100 1 |a Πλαστήρα, Αλεξάνδρα. 
245 1 0 |a Στοχαστικά μοντέλα στην επιχειρησιακή έρευνα :   |b πτυχιακή εργασία /   |c Αλεξάνδρα Πλαστήρα ; επιβλέπων καθηγητής Νικόλαος Χαλιδιάς.  
260 |c 2017.  
300 |a 57 σ. :   |b πιν., διάγρ. ;   |c 30 εκ. 
502 |a Πτυχιακή εργασία - Πανεπιστήμιο Αιγαίου, Σάμος, 2017.  
504 |a Βιβλιογραφία: σ. 57.  
506 1 |a Διάθεση πλήρους κειμένου ;   |d Ενδοπανεπιστημιακή δημοσίευση.  
520 8 |a Το αντικείμενο της Επιχειρησιακής Έρευνας είναι η ανάπτυξη ,μελέτη και εφαρμογή μαθηματικών μοντέλων σε προβλήματα σχετικά με το βέλτιστο σχεδιασμό και έλεγχο οργανωμένων συστημάτων.Τα μοντέλα αυτά διακρίνονται σε στοχαστικά και σε προσδιοριστικά (ντετερμινιστικά).Τα στοχαστικά μοντέλα (στοχαστικές διαδικασίες ή ανελίξεις)σε αντίθεση με τα προσδιοριστικά μοντέλα,είναι κατάλληλα για την περιγραφή συστημάτων που η λειτουργία τους επηρεάζεται από τον παράγοντα τύχη.Αναγνωρίζοντας ότι η τυχαιότητα σε μικρό ή μεγάλο βαθμό ενυπάρχει σε κάθε τομέα της ανθρώπινης δραστηριότητας,γίνεται φανερή η χρησιμότητα των στοχαστικών μοντέλων και η υπεροχή τους σε σύγκριση με τα αντίστοιχα προσδιοριστικά ,για την περιγραφή και μελέτη πραγματικών συστημάτων.Στην παρούσα εργασία επιχειρείται μία εισαγωγή στη θεωρία και στις εφαρμογές των στοχαστικών μοντέλων της επιχειρησιακής έρευνας με όσο πιο κατανοητό και απλουστευμένο τρόπο.  
540 |a Κλειδωμένη η δυνατότητα αντιγραφής (copy) του κειμένου.  
650 0 |a Dissertations, Academic  |z Greece. 
650 0 |a Stochastic models. 
650 0 |a Operations research. 
650 0 |a Statistics. 
700 1 |a Χαλιδιάς, Νικόλαος,  |e dgs 
710 2 |a Πανεπιστήμιο Αιγαίου.   |b Σχολή Θετικών Επιστημών.   |b Τμήμα Στατιστικής και Αναλογιστικών-Χρηματοοικονομικών Μαθηματικών. 
852 |a INST  |b SAMOS  |c DIATR  |e 20170531  |h 519.233 ΠΛΑ  |p 005300044631  |q 005300044631  |t DIE  |y 23 
856 |u http://hdl.handle.net/11610/17801 
924 |a Πλαστήρα  |b Αλεξάνδρα  |y Σάμος  |z 2017-02 
970 |a Κοσιέρης  |b Χρήστος  |z 31-05-2017